[Event "Mittelfranken-chT2b 1617"]
[Site "Mittelfranken"]
[Date "2016.12.11"]
[Round "4.6"]
[White "Albayrak, Aylin"]
[Black "Karataev, Phillip"]
[Result "1/2-1/2"]
[WhiteElo "1600"]
[BlackElo "1753"]
[PlyCount "43"]
[EventDate "2016.10.23"]
[EventType "team-tourn"]
[EventRounds "9"]
[EventCountry "GER"]
[SourceTitle "EXT 2022"]
[Source "ChessBase"]
[SourceDate "2021.10.06"]
[SourceVersion "1"]
[SourceVersionDate "2021.10.06"]
[SourceQuality "1"]
[WhiteTeam "Nuernberg Zabo Eintracht II"]
[BlackTeam "Erlangen SC III"]
[WhiteTeamCountry "GER"]
[BlackTeamCountry "GER"]

1. d4 e6 2. c4 Nf6 3. Nc3 Bb4 4. Bg5 h6 5. Bh4 c5 6. d5 d6 7. f3 g5 8. Bg3 e5 9. e3 Nbd7 10. Qc2 Nf8 11. Bd3 Rg8 12. Nge2 Qe7 13. a3 Bxc3+ 14. Nxc3 Ng6 15. 0-0 h5 16. b4 h4 17. Be1 b6 18. Qa4+ Bd7 19. Qa6 Bc8 20. Qa4+ Bd7 21. Qa6 Bc8 22. Qa4+ 1/2-1/2

[Event "Mittelfranken-chTB2b 1516"]
[Site "Mittelfranken"]
[Date "2016.01.24"]
[Round "5.5"]
[White "Karataev, Phillip"]
[Black "Diebel, Guenter"]
[Result "1-0"]
[WhiteElo "1786"]
[BlackElo "1737"]
[PlyCount "65"]
[EventDate "2015.10.18"]
[EventType "team-tourn"]
[EventRounds "9"]
[EventCountry "GER"]
[SourceTitle "EXT 2020"]
[Source "ChessBase"]
[SourceDate "2019.10.17"]
[SourceVersion "1"]
[SourceVersionDate "2019.10.17"]
[SourceQuality "1"]
[WhiteTeam "Erlangen SC III"]
[BlackTeam "Nuernberg Sued SW V"]
[WhiteTeamCountry "GER"]
[BlackTeamCountry "GER"]

1. e4 c5 2. Nf3 Nc6 3. Nc3 e6 4. d4 cxd4 5. Nxd4 Bb4 6. Ndb5 a6 7. Nd6+ Bxd6 8. Qxd6 Qe7 9. Qc7 Nf6 10. Bg5 h6 11. Bh4 g5 12. Bg3 Qb4 13. 0-0-0 Nxe4 14. a3 Nxg3 15. axb4 Nxh1 16. Ne4 Nxf2 17. Nxf2 Nxb4 18. Ne4 0-0 19. Kb1 Nd5 20. Qe5 f6 21. Qd4 b5 22. Nd6 Kg7 23. g3 Ne7 24. Bg2 Nc6 25. Bxc6 dxc6 26. Nxc8 Raxc8 27. Qd7+ Kg6 28. Qxe6 Rfe8 29. Qd7 a5 30. Qb7 b4 31. g4 Rb8 32. Qxc6 Rbc8 33. Qd7 1-0

[Event "Mittelfranken-chTB2b 1516"]
[Site "Mittelfranken"]
[Date "2015.12.06"]
[Round "4.6"]
[White "Karataev, Phillip"]
[Black "Loebel, Petra"]
[Result "0-1"]
[WhiteElo "1786"]
[BlackElo "1847"]
[PlyCount "80"]
[EventDate "2015.10.18"]
[EventType "team-tourn"]
[EventRounds "9"]
[EventCountry "GER"]
[SourceTitle "EXT 2020"]
[Source "ChessBase"]
[SourceDate "2019.10.17"]
[SourceVersion "1"]
[SourceVersionDate "2019.10.17"]
[SourceQuality "1"]
[WhiteTeam "Erlangen SC III"]
[BlackTeam "Nuernberg NT IV"]
[WhiteTeamCountry "GER"]
[BlackTeamCountry "GER"]

1. d4 e6 2. Nf3 f5 3. Bf4 Nf6 4. e3 Be7 5. Nbd2 b6 6. h3 Bb7 7. c3 a5 8. a4 0-0 9. Qb3 Kh8 10. Rg1 Ne4 11. Bc4 Ba6 12. g4 d5 13. Bxa6 Nxa6 14. g5 Bd6 15. Ne5 Bxe5 16. Bxe5 Nb8 17. Nf3 Nd7 18. Bf4 Rc8 19. h4 Qe8 20. Ke2 c5 21. Qb5 cxd4 22. exd4 Qf7 23. Rac1 Rfd8 24. h5 Qxh5 25. Rh1 Qg4 26. Rh4 Qg2 27. Rh2 Qg4 28. Ke3 Nd6 29. Bxd6 Qe4+ 30. Kd2 Qxf3 31. Rch1 Kg8 32. Qd3 Qg4 33. Qe3 Nf8 34. Bxf8 Kxf8 35. Rxh7 Kf7 36. R7h4 Qg2 37. R4h2 Qe4 38. Qg3 f4 39. Qg4 f3 40. Re1 Qxg4 0-1

[Event "Bayernliga U20 1415"]
[Site "Bayern"]
[Date "2014.12.13"]
[Round "3.6"]
[White "Karataev, Phillip"]
[Black "Berntgen, Henri"]
[Result "1/2-1/2"]
[WhiteElo "1786"]
[BlackElo "1743"]
[PlyCount "38"]
[EventDate "2014.11.15"]
[EventType "team-tourn"]
[EventRounds "7"]
[EventCountry "GER"]
[SourceTitle "EXT 2022"]
[Source "ChessBase"]
[SourceDate "2021.10.06"]
[SourceVersion "1"]
[SourceVersionDate "2021.10.06"]
[SourceQuality "1"]
[WhiteTeam "Erlangen SC U20"]
[BlackTeam "Nuernberg Sued SW U20"]
[WhiteTeamCountry "GER"]
[BlackTeamCountry "GER"]

1. e4 g6 2. c4 Bg7 3. Nc3 d6 4. d4 Nf6 5. Be2 Nbd7 6. Bg5 c5 7. d5 Nb6 8. h4 h5 9. Qd2 Bd7 10. 0-0-0 Qc7 11. Nf3 a6 12. e5 Ng4 13. exd6 exd6 14. Rde1 0-0 15. Bd3 Na4 16. Nxa4 Bxa4 17. b3 Bd7 18. Be7 Rfe8 19. Kc2 Bf5 1/2-1/2

[Event "Mittelfranken-chTB2b 1415"]
[Site "Mittelfranken"]
[Date "2014.10.12"]
[Round "2.7"]
[White "Karataev, Phillip"]
[Black "Ruderer, Maximilian"]
[Result "1/2-1/2"]
[WhiteElo "1786"]
[BlackElo "1768"]
[PlyCount "86"]
[EventDate "2014.09.28"]
[EventType "team-tourn"]
[EventRounds "9"]
[EventCountry "GER"]
[SourceTitle "EXT 2020"]
[Source "ChessBase"]
[SourceDate "2019.10.17"]
[SourceVersion "1"]
[SourceVersionDate "2019.10.17"]
[SourceQuality "1"]
[WhiteTeam "Erlangen SC III"]
[BlackTeam "Heideck/Hilpoltstein"]
[WhiteTeamCountry "GER"]
[BlackTeamCountry "GER"]

1. d4 d5 2. g3 Nf6 3. Bg2 c6 4. Nf3 g6 5. 0-0 Bg7 6. Bf4 0-0 7. Ne5 Nbd7 8. Nd2 Nxe5 9. dxe5 Nh5 10. Nf3 Nxf4 11. gxf4 Bg4 12. c3 Bh6 13. e3 Qd7 14. Qb3 Rab8 15. Rad1 Bh3 16. Ne1 Qg4 17. a4 Kh8 18. f3 Qh5 19. Qc2 Rg8 20. Bxh3 Qxh3 21. Qg2 Qxg2+ 22. Kxg2 e6 23. Kf2 b5 24. axb5 Rxb5 25. Nd3 c5 26. b4 c4 27. Nc5 a5 28. Na6 Rb6 29. b5 Rxb5 30. Rb1 Rxb1 31. Rxb1 Ra8 32. Nc5 a4 33. Ra1 a3 34. Nb7 Bf8 35. Nd6 Kg7 36. Ke2 f6 37. Kd2 fxe5 38. fxe5 Bxd6 39. exd6 Kf7 40. e4 Ke8 41. e5 Kd7 42. Ke3 g5 43. Kd4 Kc6 1/2-1/2

[Event "Mittelfranken-chTB2b 1415"]
[Site "Mittelfranken"]
[Date "2014.09.28"]
[Round "1.6"]
[White "Schilay, Lorenz"]
[Black "Karataev, Phillip"]
[Result "1-0"]
[WhiteElo "1806"]
[BlackElo "1786"]
[PlyCount "117"]
[EventDate "2014.09.28"]
[EventType "team-tourn"]
[EventRounds "9"]
[EventCountry "GER"]
[SourceTitle "EXT 2020"]
[Source "ChessBase"]
[SourceDate "2019.10.17"]
[SourceVersion "1"]
[SourceVersionDate "2019.10.17"]
[SourceQuality "1"]
[WhiteTeam "Neumarkt"]
[BlackTeam "Erlangen SC III"]
[WhiteTeamCountry "GER"]
[BlackTeamCountry "GER"]

1. e4 c6 2. Nf3 d6 3. d4 Bg4 4. Bc4 e6 5. Nc3 Nf6 6. Bg5 Be7 7. a3 Nbd7 8. Be2 Qc7 9. b4 0-0 10. h3 Bxf3 11. Bxf3 b5 12. 0-0 e5 13. Be2 exd4 14. Qxd4 a6 15. Rad1 Rfd8 16. Bf4 Nf8 17. e5 dxe5 18. Qxe5 Qxe5 19. Bxe5 Ne6 20. Bf3 Rxd1 21. Rxd1 Rc8 22. Kf1 Kf8 23. Rd3 Ng5 24. Ke2 Nxf3 25. Kxf3 c5 26. Bxf6 Bxf6 27. Nd5 c4 28. Re3 Bd4 29. Re2 Rd8 30. Nc7 Bb2 31. Nxa6 Bxa3 32. Nc7 Bxb4 33. Nxb5 Be7 34. Nc7 Bf6 35. Na6 c3 36. Nb4 g6 37. Nc6 Re8 38. Rxe8+ Kxe8 39. Nb4 Kd7 40. Ke4 Kd6 41. Kd3 Bh4 42. g3 Bf6 43. Na2 Kc5 44. Nxc3 Bd4 45. f3 f5 46. Ne2 Bf6 47. c3 Be5 48. f4 Bg7 49. Nd4 Bf6 50. Ne6+ Kd5 51. Nf8 Bxc3 52. Kxc3 Ke4 53. Nxh7 Kf3 54. Kd4 Kxg3 55. Ke5 Kxh3 56. Nf8 g5 57. fxg5 Kg4 58. g6 f4 59. g7 1-0

[Event "Landesliga U20 Nord 1314"]
[Site "Bayern"]
[Date "2014.01.25"]
[Round "4.4"]
[White "Karataev, Phillip"]
[Black "Krasotin, Valentin"]
[Result "0-1"]
[WhiteElo "1786"]
[BlackElo "1855"]
[PlyCount "60"]
[EventDate "2013.11.16"]
[EventType "team-tourn"]
[EventRounds "7"]
[EventCountry "GER"]
[SourceTitle "EXT 2022"]
[Source "ChessBase"]
[SourceDate "2021.10.06"]
[SourceVersion "1"]
[SourceVersionDate "2021.10.06"]
[SourceQuality "1"]
[WhiteTeam "Erlangen SC U20 II"]
[BlackTeam "Nuernberg Sued SW U20"]
[WhiteTeamCountry "GER"]
[BlackTeamCountry "GER"]

1. e4 e5 2. Nf3 Nc6 3. d4 exd4 4. Nxd4 Nf6 5. Nxc6 bxc6 6. e5 Nd5 7. c4 Nb6 8. Nd2 Ba6 9. Bd3 Bb4 10. Qe2 0-0 11. a3 Bxd2+ 12. Bxd2 Qh4 13. g3 Qe7 14. 0-0 Qe6 15. Rac1 Rae8 16. Rfe1 d6 17. Qe4 f5 18. Qxc6 dxe5 19. Qxc7 Rf7 20. Qc5 Rd7 21. Qe3 Bxc4 22. Bb1 Ba6 23. Bc3 Nc4 24. Ba2 Nxe3 25. Bxe6+ Rxe6 26. Rxe3 e4 27. Bb4 Re5 28. Rec3 Red5 29. Rc7 Rxc7 30. Rxc7 Rd1+ 0-1

[Event "GER-chT U20"]
[Site "Osnabrueck"]
[Date "2013.12.29"]
[Round "5.5"]
[White "Karataev, Phillip"]
[Black "Raschkowski, Alexander"]
[Result "1/2-1/2"]
[WhiteElo "1652"]
[BlackElo "1748"]
[PlyCount "112"]
[EventDate "2013.12.27"]
[EventType "team-swiss"]
[EventRounds "7"]
[EventCountry "GER"]
[SourceTitle "EXT 2015"]
[Source "ChessBase"]
[SourceDate "2014.11.20"]
[SourceVersion "1"]
[SourceVersionDate "2014.11.20"]
[SourceQuality "1"]
[WhiteTeam "Erlangen"]
[BlackTeam "Brackel"]
[WhiteTeamCountry "GER"]
[BlackTeamCountry "GER"]

1. e4 d5 2. exd5 Nf6 3. d4 Nxd5 4. c4 Nb6 5. Nf3 g6 6. Be2 Bg7 7. 0-0 0-0 8. Nc3 c6 9. a4 a5 10. h3 Na6 11. c5 Nd5 12. Qb3 Nab4 13. Nxd5 Qxd5 14. Bc4 Qf5 15. Be3 Qc2 16. Rad1 Bf5 17. Rd2 Qxb3 18. Bxb3 e6 19. Rfd1 h6 20. Ne5 Nd5 21. Nc4 Rfb8 22. Nd6 Bf8 23. Bxd5 cxd5 24. g4 Bxd6 25. cxd6 Be4 26. Bxh6 Rd8 27. Rf1 Bf3 28. Bf4 Rac8 29. Kh2 Rc4 30. Kg3 Be4 31. f3 Bc2 32. Rc1 Bxa4 33. Ra1 b6 34. Ra3 Bc2 35. h4 a4 36. Rxc2 Rxc2 37. Rxa4 Rc6 38. Ra7 Rcxd6 39. Bxd6 Rxd6 40. Rc7 Kg7 41. Kf4 Kf6 42. b4 Rd8 43. b5 Rh8 44. Kg3 Ra8 45. Rb7 Ra4 46. Rxb6 Rxd4 47. Rc6 Rb4 48. b6 d4 49. Kf4 d3+ 50. Ke3 Rb3 51. f4 Kg7 52. Rd6 Kf6 53. Kd4 Ke7 54. Kc4 Rb2 55. Kc3 Rb1 56. Rxd3 Rxb6 1/2-1/2

[Event "Bayernliga 1213 U20"]
[Site "Bayern"]
[Date "2013.01.19"]
[Round "5.6"]
[White "Karataev, Phillip"]
[Black "Schindler, Tobias"]
[Result "1-0"]
[WhiteElo "1589"]
[BlackElo "1570"]
[PlyCount "41"]
[EventDate "2012.10.20"]
[EventType "team-tourn"]
[EventRounds "7"]
[EventCountry "GER"]
[SourceTitle "EXT 2020"]
[Source "ChessBase"]
[SourceDate "2019.10.17"]
[SourceVersion "1"]
[SourceVersionDate "2019.10.17"]
[SourceQuality "1"]
[WhiteTeam "Erlangen SC U20"]
[BlackTeam "Kelheim SK U20"]
[WhiteTeamCountry "GER"]
[BlackTeamCountry "GER"]

1. e4 c6 2. d4 d5 3. Nd2 dxe4 4. Nxe4 Bf5 5. Ng3 Bg6 6. h4 h6 7. Nf3 Nf6 8. h5 Bh7 9. Bd3 Bxd3 10. Qxd3 e6 11. Bf4 Bd6 12. Ne5 Qc7 13. Ne4 Nxe4 14. Qxe4 Nd7 15. 0-0-0 Nf6 16. Qf3 Rc8 17. Qg3 Ke7 18. Qxg7 Rh7 19. Ng6+ Ke8 20. Qxf6 fxg6 21. Qxe6+ 1-0

[Event "Mittelfranken-ch QT 59th"]
[Site "Forchheim"]
[Date "2010.04.01"]
[Round "3"]
[White "Walch, Roger"]
[Black "Karataev, Phillip"]
[Result "1/2-1/2"]
[WhiteElo "1655"]
[BlackElo "1326"]
[PlyCount "108"]
[EventDate "2010.03.31"]
[EventType "swiss"]
[EventRounds "7"]
[EventCountry "GER"]
[SourceTitle "EXT 2011"]
[Source "ChessBase"]
[SourceDate "2010.11.26"]
[SourceVersion "1"]
[SourceVersionDate "2010.11.26"]
[SourceQuality "1"]

1. e4 c5 2. Nf3 d6 3. d4 cxd4 4. Nxd4 Nf6 5. Nc3 g6 6. f3 Bg7 7. Be3 Nc6 8. Qd2 0-0 9. 0-0-0 d5 10. Nxc6 bxc6 11. e5 Nd7 12. f4 Nb6 13. h3 f6 14. exf6 exf6 15. g4 Bd7 16. a4 Qc7 17. a5 Nc8 18. Nxd5 cxd5 19. Qxd5+ Kh8 20. Qxd7 Qxa5 21. c3 Qa1+ 22. Kc2 Qa2 23. Qb7 Qa4+ 24. Qb3 Qe4+ 25. Bd3 Qxe3 26. Qd5 Nb6 27. Qe4 Qxe4 28. Bxe4 Rad8 29. Ra1 Nd5 30. Bxd5 Rxd5 31. Rxa7 Rfd8 32. Re1 Bf8 33. Re6 R5d6 34. f5 gxf5 35. gxf5 Rxe6 36. fxe6 Bd6 37. Rf7 Re8 38. Rxf6 Kg7 39. Rf7+ Kg6 40. Rb7 Rxe6 41. b4 h6 42. c4 Kg5 43. Rb6 Rf6 44. c5 Be5 45. Rxf6 Kxf6 46. Kd3 Ke6 47. Kc4 Kd7 48. Kd5 Bb8 49. b5 Kc7 50. h4 h5 51. Ke6 Kc8 52. Kf5 Kd7 53. Kg5 Ke6 54. Kxh5 Kd5 1/2-1/2